000 00890nam a2200265 a 4500
005 20200104041541.0
008 980116s1997 ve ab grb 010 0 eng d
020 _a9802311316
040 _aCO-BoBLA
_cCO-BoBLA
041 0 _aeng
_hspa
043 _as------
_as-ve---
082 0 4 _a581.98
_bB46b
110 2 _aBiocentro de la UNELLEZ.
245 0 0 _aJohn J. Wurdack festschrift /
_cBioCentro de la UNELLEZ, U.S. National Museum of Natural History, Smithsonian Institution.
246 1 4 _aJohn Wurdack festschrift
246 3 0 _aFestschrift
260 _aGuanare :
_bEl BioCentro,
_c1997.
300 _axi, 571 p :
_bil., mapas ;
_c23 cm.
504 _aIncluye bibliografías.
546 _aTextos en inglés y español.
650 6 _aBotánica
_z Venezuela.
650 6 _aBotánica
_z América del Sur.
650 6 _aBotánica.
942 _2ddc
_cLIBRO
999 _c3608
_d3608